|
|
|
|
| LEADER |
00648cam a2200217 a 4500 |
| 001 |
0000019581 |
| 005 |
19971208090000.0 |
| 040 |
|
|
|a mod
|
| 041 |
|
|
|a eng
|
| 020 |
0 |
0 |
|a 040999605X
|
| 090 |
0 |
0 |
|a 340.56
|b CHA
|
| 100 |
1 |
0 |
|a CHANG
|h Grace
|
| 245 |
1 |
0 |
|a Pengenalan kepada acara sivil di Malaysia dan singapura
|c Puan Sri Grace Chang; penterjemah Lee Mei Pheng
|
| 250 |
0 |
0 |
|a Edisi ke2
|
| 260 |
0 |
0 |
|a Kuala Lumpur
|b Malaysian Law Journal
|c 1991
|
| 300 |
0 |
0 |
|a xiv, 165p
|c 22cm
|
| 650 |
0 |
0 |
|a Civil law
|z Malaysia
|
| 650 |
0 |
0 |
|a Civil law
|z Singapore
|
| 700 |
1 |
1 |
|a LEE
|h Mei Pheng
|
| 852 |
0 |
0 |
|a 01
|
| 999 |
|
|
|a 0135446
|b KEMENTAH
|d BOOKS
|e Umum
|f Perpustakaan KEMENTAH
|j AVAILABLE
|q OLD
|